000 00515nam a22001937a 4500
005 20231228141527.0
008 231228b |||||||| |||| 00| 0 eng d
020 _a978-93-7475-702-6
041 _aeng
082 _21st
_aMS/610.7377/SHS/B10672
_bSHA
100 _aSharma M P
245 _aMedical Surgical Nursing-I for GNM
250 _a1st
260 _aNew Delhi
_bAITBS Pub.
_c2022
300 _a490p
_bPb
_c26X18cm
365 _aRupaye
_b799.00
_cINR
521 _aMedical Surgical Nursing
942 _cBK
999 _c356800
_d356800